Noms de pays sans la lettre N - Statistiques

Statistiques générales
  • Ce quiz a été pris 3 042 fois
  • Le résultat moyen est 59 sur 83
Statistiques - réponses
Continent Pays % Correct
Europe Russie
93%
Europe Portugal
92%
Océanie Australie
91%
Europe Suède
91%
Europe Belgique
89%
Europe Italie
89%
Afrique Maroc
88%
Afrique Algérie
87%
Europe Suisse
86%
Amériques Brésil
85%
Europe Grèce
84%
Afrique Égypte
83%
Europe Autriche
82%
Afrique Afrique du Sud
81%
Europe Biélorussie
81%
Amériques Chili
81%
Europe Croatie
81%
Amériques Mexique
81%
Europe Kosovo
80%
Europe Pays-Bas
79%
Amériques Pérou
79%
Asie Corée du Sud
78%
Afrique Libye
78%
Amériques Uruguay
78%
Océanie Fidji
77%
Asie Irak
77%
Amériques Paraguay
77%
Asie Qatar
77%
Europe Slovaquie
77%
Asie Turquie
77%
Amériques Cuba
76%
Asie Laos
75%
Afrique Mali
75%
Europe Serbie
75%
Afrique Togo
75%
Europe Bulgarie
74%
Europe Malte
74%
Asie Chypre
73%
Asie Israël
73%
Europe Luxembourg
73%
Asie Arabie Saoudite
72%
Amériques Colombie
72%
Amériques Bolivie
71%
Afrique Érythrée
70%
Afrique Éthiopie
70%
Afrique Madagascar
70%
Asie Syrie
70%
Europe République Tchèque
69%
Amériques Costa Rica
68%
Amériques Équateur
68%
Amériques Haïti
68%
Amériques Jamaïque
68%
Europe Moldavie
68%
Afrique Djibouti
67%
Asie Koweït
66%
Amériques Belize
65%
Afrique Somalie
65%
Afrique Tchad
65%
Afrique Zambie
65%
Asie Géorgie
64%
Amériques Guatemala
64%
Océanie Tuvalu
64%
Afrique Zimbabwe
64%
Amériques Bahamas
63%
Afrique Cap-Vert
63%
Afrique Lesotho
63%
Océanie Samoa
63%
Afrique Comores
62%
Amériques Barbade
61%
Afrique Seychelles
61%
Afrique Côte d'Ivoire
60%
Océanie Palaos
60%
Afrique Gambie
58%
Océanie Kiribati
58%
Océanie Îles Marshall
57%
Afrique Liberia
57%
Asie Malaisie
57%
Asie Cambodge
56%
Amériques Salvador
56%
Afrique Malawi
54%
Afrique Île Maurice
53%
Asie Maldives
53%
Afrique Mozambique
50%
Aucun quiz correspondant
Distribution des résultats
% des personnes avec chaque résultat
Percentile par nombre de réponses
Votre historique - résultats
Vous n’avez pas pris ce quiz